000
00276nam a2200121Ia 4500
005
20251222144642.0
008
251222s9999||||xx |||||||||||||| ||spa||
082
_a
372.4/K26L
100
_a
Kaufman, Ana MarĂa
245
0
_a
Leer y Escribir:
264
_b
Aique
942
_c
LIB
999
_c
16740
_d
16740